000 00273 a2200133 4500
020 _a9780439768726
041 _aspa
100 _aKorman, Gordon
245 _aInmerso̕n. Libro dos, El Fondo del mar
942 _cBK
999 _c8227
_d8227
999 _d8227
999 _d8227
999 _d8227